| 000 | 01104nam a2200277Ia 4500 | ||
|---|---|---|---|
| 999 |
_c51292 _d51292 |
||
| 001 | 18261 | ||
| 003 | GE_BSU | ||
| 005 | 20210712150450.0 | ||
| 008 | 181216s2013||||enk|||||||||||||| ||eng|| | ||
| 020 | _a9780898435795 | ||
| 040 | _cGE_BSU | ||
| 041 | _aeng | ||
| 080 | _a32 T-44 | ||
| 245 | 4 |
_aThe Arab revolutions and American policy / _cEdited by Nicholas Burns & Jonathon Price. Foreword by Joseph S. Nye & Brent Scowcroft |
|
| 264 |
_aWashington, _c2013. |
||
| 300 |
_a204 pages : _b illustrations ; _c 23 cm. |
||
| 653 | _aThe Arab revolutions and American policy | ||
| 653 | _aარაბული რევოლუციები და ამერიკის პოლიტიკა | ||
| 653 | _aპოლიტიკური ძალადობა | ||
| 653 | _aრევოლუციები, ახლო აღმოსავლეთი | ||
| 653 | _aПолитика | ||
| 653 | _aБлижний Восток | ||
| 700 |
_aBurns, Nicholas _eრედაქტორი _912233 |
||
| 700 |
_a Priceб Jonathon _eრედაქტორი _912234 |
||
| 942 |
_cBK _2udc |
||